(REx: Reincarnated) Every Ore in World 0 - Statistics

General Stats
  • This quiz has been taken 4 times
  • The average score is 140 of 384
Answer Stats
Answer % Correct
404 Gateway
100%
Jadefall
100%
Δ
75%
0nian
75%
32-Bit Integer Limit
75%
Achromatopsia
75%
Adasparta
75%
Aetherion
75%
Antlerion
75%
Anulus
75%
Apexilec
75%
Array
75%
Astraea
75%
Auriceph
75%
Bichromazine
75%
Bipulsidine
75%
Cataclysmium
75%
CHECKPOINT.0901
75%
Chicago
75%
Chromatechnimar
75%
Collapse
75%
Computer Annihilator 4600 MK. II
75%
Corruptal
75%
CORRUPTELA
75%
Corruptryx
75%
Cosmonolithius
75%
Cosmorock
75%
C◊SMIC_SPLIT
75%
Decimora
75%
Draesdruvite
75%
Dreamscape
75%
Duostella
75%
Dyvantium
75%
Emberis
75%
Equalizosity
75%
Fluxorium
75%
Fulmara
75%
Geigite Receptacle
75%
generic68-B
75%
GENESIS
75%
Geometrix
75%
Glitch
75%
Glitchreax
75%
Goldstone
75%
Gravitron
75%
Holovirlux
75%
Hyperfullerene
75%
Icosaformite
75%
Illusorium
75%
INFECTION
75%
Infectionate
75%
Kadabstrum
75%
Lifeforce Drainer
75%
Low.HP
75%
Lumenyl
75%
Luminosaic
75%
Luridium
75%
M4TR1X
75%
Malicioutrite
75%
Matricite
75%
Matrixalga
75%
Mechaloid
75%
Mechaspark
75%
Monojit
75%
Monolith of Origin
75%
Monostone
75%
Nebula Tempest
75%
Nebulova
75%
Noise
75%
Novurbite
75%
Paraxenos
75%
Pariluxem
75%
Penumbrum
75%
Photon Fluxulite
75%
Polaroidium
75%
Portalium
75%
Printorbs
75%
Quantalyx
75%
Roundabout
75%
SCARLET
75%
Solace
75%
Speedulant
75%
Star-Zero
75%
Statistone
75%
Steel
75%
subject.greenglitch
75%
Sustained Axiom
75%
Sword Waltz
75%
Syderea
75%
Synthetyl
75%
Techtrilyx
75%
Tetrium
75%
The Firewall
75%
Theon
75%
Thermazine
75%
Torpensangor
75%
TR0J4N
75%
Twilement
75%
Universal Collapse
75%
Unstable Megacore
75%
VANTABLACK
75%
Varonela
75%
Vertiglow
75%
Vily Narila
75%
Virtulily
75%
Virus
75%
Vys
75%
Wireframe
75%
Wisticora
75%
W|REFRAME
75%
Zalgrain
75%
4FA208
50%
Aesthetic Reality
50%
Altair
50%
Amaranthine
50%
Arcanicium
50%
Archaem
50%
Astrocase
50%
C-0RE ERROR
50%
Canivesium
50%
Chaotica
50%
@Combust10n_+_Syst3m
50%
Conductore
50%
Cosmalens
50%
Cosmilite
50%
Cryofantasia
50%
Cyberillic
50%
Darkmatter Stabilizer
50%
Datakill
50%
Dualisplite
50%
Duamension
50%
Electricore
50%
Entropite
50%
Ethyrilem
50%
Exopolis
50%
Eye of the Siren
50%
F24D43
50%
Finalitium
50%
Galaxia
50%
Galvament
50%
Gauzian
50%
Geometric Quadrant
50%
Grid
50%
Heliotropic Fracture
50%
Hexagonyl
50%
Hiderae
50%
Hypnosia
50%
Invalid Apprehension
50%
Iridistar
50%
Kenospina
50%
Knorus
50%
Limelight
50%
Magnatoxin
50%
Mekanos
50%
Mendelevium
50%
Mistirine
50%
Monocritica
50%
Mystirune
50%
Navigate
50%
Nebula Nexus
50%
Phastuanyx
50%
Photospark
50%
Pixelated Mass
50%
Plasverlite
50%
Poor Connection
50%
Pulsō Relicta
50%
rarity.700
50%
Remedial
50%
Rendispike
50%
Retronium
50%
Revonet
50%
Sardonyx
50%
Spaceshatter
50%
Spherocube
50%
Stardust
50%
Statigen
50%
TeeVox B
50%
TeeVox G
50%
TeeVox R
50%
Terraformation
50%
Teslarian
50%
tiers.common
50%
Triginium
50%
Turnfire
50%
Valenarium
50%
Virtuosity
50%
Voltiflux
50%
Yellow
50%
Abstractum
25%
Ad-On
25%
Ammolite
25%
Apparatus
25%
Astral Processor
25%
Axisium
25%
BANBOX
25%
Bronzeprint
25%
Bug
25%
Charged Box
25%
C Matrix
25%
Cobaltax
25%
Conductolite
25%
Conduit
25%
Constellatrix
25%
Corrupted Data
25%
Crimsonhack
25%
Cubeponent
25%
Cyan
25%
Darkstar
25%
Decimate
25%
Dischargium
25%
Dreamveil
25%
Galastyx
25%
Galaxite
25%
Gizmonium
25%
G Matrix
25%
Hash
25%
Hedron
25%
Hyperchrome
25%
Hyperlusion
25%
Hyposhock
25%
Interspace
25%
Inverstyle
25%
Irongrip
25%
Jigmabot
25%
Key
25%
Magenta
25%
Magneticore
25%
math.random
25%
Matrisse
25%
Matrix Remnant
25%
Metal
25%
Metalescent
25%
MK2 Sonar
25%
Monostate
25%
Nebulalze
25%
Oscilline
25%
Partition
25%
Phosphor
25%
Prismator
25%
Projectron
25%
RAM
25%
Retrograille
25%
RGB
25%
Shockbox
25%
Spaladust
25%
Spinvolt
25%
Starbit
25%
Stilomite
25%
Technetium
25%
Tensegrum
25%
Terascental
25%
Unifide
25%
Vector3
25%
Vibrantasia
25%
Virophage
25%
V Matrix
25%
Volticoil
25%
Ampersite
0%
Andrealite
0%
Annalyte
0%
Antistone
0%
Aphantite
0%
Astralistone
0%
Asumptium
0%
Azurenet
0%
Bits
0%
Black Opal
0%
Brass
0%
Bulwark
0%
Candesium
0%
Capella
0%
Carbon Fiber
0%
Cassiopeia
0%
Circadia
0%
Clockware
0%
Cogchain
0%
Concavium
0%
Convexium
0%
Copperstile
0%
Crimstone
0%
Crosswire
0%
Currensteel
0%
Defect
0%
Diamond Plate
0%
Dichromite
0%
Diginix
0%
Duscubite
0%
Electris
0%
Electroball
0%
Electroshock
0%
Emptinium
0%
Endolite
0%
Erris
0%
Exocore
0%
Expansivite
0%
Factorium
0%
Fantaisine
0%
Fuschite
0%
Galaxanet
0%
Gearlock
0%
Glowstix
0%
Grafivolt
0%
Gridulyx
0%
Hackware
0%
Heatium
0%
Helipulse
0%
Hidogen
0%
Holographite
0%
Inceptix
0%
Indigrid
0%
Inflectium
0%
Invanderite
0%
Iris
0%
Joltyx
0%
Kinetium
0%
Lexistile
0%
Lumiscript
0%
Lusterene
0%
Magellanium
0%
Manifold
0%
Matricube
0%
Matrixyl
0%
Mauvelite
0%
Mercury
0%
Meshtin
0%
Mesmegram
0%
Meteorite
0%
Momentum
0%
Monoshade
0%
Mooncharm
0%
Moonlite
0%
Netistite
0%
Nullum
0%
Oscillyx
0%
Override
0%
Oxidite
0%
Parallux
0%
Paraousia
0%
Pinturillum
0%
Planetarium
0%
Plasmaduct
0%
Plasmite
0%
Plasmos
0%
P Matrix
0%
Pocket Galaxy
0%
Primarium
0%
Prismata
0%
Prismium
0%
Quadricite
0%
Radiance
0%
Ransome
0%
Recursine
0%
Revolvus
0%
Rhiannine
0%
Rhodium
0%
Scantron
0%
Schematan
0%
Scrap
0%
Shade
0%
Shattergleam
0%
Shockpad
0%
Skysight
0%
Sophium
0%
Sparkletize
0%
Sparkplug
0%
Starmite
0%
Statitricity
0%
Stelenite
0%
Stromos
0%
Technostite
0%
Tenebralite
0%
Tungsten
0%
Twilite
0%
Viralburst
0%
Viralite
0%
Weatherlite
0%
Whipstorm
0%
Wirefield
0%
Wishmore
0%
xError
0%
Zapsite
0%
Zarasite
0%
Zelenite
0%
No matching quizzes found
Score Distribution
Percent of People with Each Score
Percentile by Number Answered
Your Score History
You have not taken this quiz